Statistics for EVERY NFL 1st OVERALL PICK SINCE 2000

Click here to take the quiz!

General Stats

  • This quiz has been taken 19 times
  • The average score is 19 of 24

Answer Stats

HintAnswer% Correct
2018 BrownsBaker Mayfield
100%
2023 PanthersBryce Young
100%
2020 BengalsJoe Burrow
100%
2019 CardinalsKyler Murray
100%
2021 JaguarsTrevor Lawrence
100%
2012 ColtsAndrew Luck
94%
2011 PanthersCam Newton
94%
2004 ChargersEli Manning
94%
2016 RamsJared Goff
94%
2009 LionsMatthew Stafford
94%
2017 BrownsMyles Garrett
94%
2015 BucsJameis Winston
88%
2010 RamsSam Bradford
88%
2005 49ersAlex Smith
82%
2001 FalconsMichael Vick
82%
2022 JaguarsTravon Walker
82%
2003 BengalsCarson Palmer
71%
2002 TexansDavid Carr
71%
2013 ChiefsEric Fisher
71%
2007 RaidersJaMarcus Russell
71%
2014 TexansJadeveon Clowney
59%
2008 DolphinsJake Long
47%
2006 TexansMario Williams
35%
2000 BrownsCourtney Brown
24%

Score Distribution

Percentile by Number Answered

Percent of People with Each Score

Your Score History

You have not taken this quiz